| 000 | 00526nam a22001817a 4500 | ||
|---|---|---|---|
| 003 | OSt | ||
| 005 | 20140310182220.0 | ||
| 008 | 130909t xxu||||| |||| 00| 0 eng d | ||
| 050 |
_aBX 8382.2 _b.H638 1985 |
||
| 082 |
_aHS 248.4 _bH53 1985 |
||
| 100 |
_aHigle, Tommy C. _97202 |
||
| 245 |
_aJourney into discipleship / _cTommy C. Higle. |
||
| 260 |
_aMarietta, OK : _bTommy Higle Publishers, _c1985. |
||
| 300 |
_a115 p. ; _bill. ; _c29 cm. |
||
| 650 |
_aChristian life and practice _917273 |
||
| 942 |
_2lcc _cHS |
||
| 999 |
_c10688 _d10688 |
||